Entry Nombre personal
001 - NÚMERO DE CONTROL
- campo de control: 114577
003 - IDENTIFICADOR DE NÚMERO DE CONTROL
- campo de control: SpMaBN
005 - FECHA Y HORA DE LA ÚLTIMA TRANSACCIÓN
- campo de control: 20250818015133.0
008 - ELEMENTOS DE DATO DE LONGITUD-FIJA
- campo de control de longitud fija: 011009n| aijnnaabn |a aaa
016 ## - NÚMERO DE CONTROL DE UNA AGENCIA BIBLIOGRÁFICA NACIONAL
- Número de control del registro: BNE20012622563
024 7# - IDENTIFICADOR DE OTROS ESTÁNDARES
- Número estándar o código: http://viaf.org/viaf/42111865/
- Fuente: viaf
024 7# - IDENTIFICADOR DE OTROS ESTÁNDARES
- Número estándar o código: https://isni.org/isni/0000000077793601
- Fuente: isni
040 ## - FUENTE DE CATALOGACIÓN
- Centro catalogador/agencia de origen: SpMaBN
- Lengua de catalogación: spa
- Centro/agencia transcriptor: SpMaBN
- Normas de descripción: rdc
- Convención/Normas de encabezamiento de materia/tesauro: embne
046 ## - FECHAS CON CODIFICACIÓN ESPECIAL
- Fecha de nacimiento: 1755
- Fecha de la muerte: 1810
100 1# - ENCABEZAMIENTO-NOMBRE DE PERSONA
- Nombre de persona: Viel, Pierre,
- Fechas asociadas al nombre: 1755-1810
372 ## - CAMPO DE ACTIVIDAD
- Campo de actividad: Reproducciones de obras de arte
- Campo de actividad: Grabados calcográficos
- Fuente del término: tgfbne
374 ## - OCUPACIÓN
- Ocupación: Grabadores
375 ## - GÉNERO/SEXO
- Género: Masculino
400 1# - TRAZADO DE VÉASE--NOMBRE DE PERSONA
- Nombre de persona: Viel, P.,
- Fechas asociadas al nombre: 1755-1810
670 ## - FUENTE DE DATOS ENCONTRADOS
- Cita de la fuente: Páez. Repertorio
- Información encontrada: nº 2241 (Viel, Pierre; (1755-1810); grabador francés)
670 ## - FUENTE DE DATOS ENCONTRADOS
- Cita de la fuente: Estampas: cinco siglos de imagen impresa
- Información encontrada: (Viel, Pierre; París, 1755-1810; calcógrafo)
670 ## - FUENTE DE DATOS ENCONTRADOS
- Cita de la fuente: WWW LC auth., 1-3-2021
- Información encontrada: (Viel, Pierre, 1755-1810)
- Identificador Uniforme de Recursos: http://id.loc.gov/authorities/names/no2010063296
670 ## - FUENTE DE DATOS ENCONTRADOS
- Cita de la fuente: WWW BnF auth., 1-3-2021
- Información encontrada: /Viel, Pierre (1755-1810))
- Identificador Uniforme de Recursos: https://catalogue.bnf.fr/ark:/12148/cb14964377w
